Central Library OPAC University of Rajshahi
Normal view MARC view

Entry Personal Name

Number of records used in: 2

001 - CONTROL NUMBER

  • control field: 8920

003 - CONTROL NUMBER IDENTIFIER

  • control field: BD-RjUL

005 - DATE AND TIME OF LATEST TRANSACTION

  • control field: 20230911135433.0

008 - FIXED-LENGTH DATA ELEMENTS

  • fixed length control field: 230911|| aca||aabn | a|a d

040 ## - CATALOGING SOURCE

  • Original cataloging agency: BD-RjUL
  • Transcribing agency: BD-RjUL

100 ## - HEADING--PERSONAL NAME

  • Personal name: Islam, Md. Anwar Ul, Principal Supervisor

670 ## - SOURCE DATA FOUND

  • Source citation: Work cat.: (BD-RjUL)81896: HOSSAIN, SHAMIMA AKHTER 8918, PREGNANCY OUTCOME OF DIABETIC MOTHERS ATTENDING A TERTIARY HOSPITAL IN RAJSHAHI /, 2013